व्यथा हिंदुस्थानच्या फळणीची (Record no. 370607)

MARC details
000 -LEADER
fixed length control field 00513nam a2200169 4500
005 - DATE AND TIME OF LATEST TRANSACTION
control field 20260309130854.0
008 - FIXED-LENGTH DATA ELEMENTS--GENERAL INFORMATION
fixed length control field 260309b |||||||| |||| 00| 0 eng d
020 ## - INTERNATIONAL STANDARD BOOK NUMBER
International Standard Book Number 978-93-95664-82-0
041 ## - LANGUAGE CODE
Language code of text/sound track or separate title Marathi
082 ## - DEWEY DECIMAL CLASSIFICATION NUMBER
Classification number X 891 APH B12258
100 ## - MAIN ENTRY--PERSONAL NAME
Author आफळे, गिरीश
245 ## - TITLE STATEMENT
Title व्यथा हिंदुस्थानच्या फळणीची
260 ## - PUBLICATION, DISTRIBUTION, ETC.
Place of publication, distribution, etc. Pune
Name of publisher, distributor, etc. Bharatiya Vichar Sadhana Pune
Date of publication, distribution, etc. 2023
300 ## - PHYSICAL DESCRIPTION
Extent 488p
Other physical details pb
365 ## - TRADE PRICE
Price type code Rupaye
Price amount 600
Currency code INR
942 ## - ADDED ENTRY ELEMENTS (KOHA)
Koha item type Books
Holdings
Withdrawn status Lost status Source of classification or shelving scheme Damaged status Not for loan Home library Current library Date acquired Vendor Net Price Bill number Total Checkouts Full call number Barcode Date last seen Discount Actual Price Bill Date Koha item type Original Barcode
    Dewey Decimal Classification     Smt. Bakul Tambat Institute of Nursing Education Smt. Bakul Tambat Institute of Nursing Education 16/02/2026 Bhartiya Vichar Sadhana Foundation 420.00 HO/IN/606   X 891 APH B12258 BTIN-BK-12258 09/03/2026 180 600.00 19/01/2026 Books BTIN-BK-12258